000 01252cam a2200133 4500500
005 20260222000013.0
041 _afre
042 _adc
100 1 0 _aCapestan, Isabelle
_eauthor
245 0 0 _aLa culture numérique pour les concours de la fonction publique : Cat. A et B
260 _bDunod,
_c2023.
520 _aCet ouvrage axé sur la culture numérique est destiné aux candidats des concours administratifs de la fonction publique. Il permet une préparation complète aux épreuves portant sur la culture numérique Cet ouvrage donne une vision très synthétique de la culture numérique (sous forme de fiches) et actualisée sous les angles techniques, juridiques mais aussi sociétaux. Il a l’ambition de présenter de façon accessible des sujets parfois complexes. La culture numérique sous des formes variées est présente dans les programmes des écrits et des oraux d’un grand nombre de concours administratifs de catégories A et B par exemple le concours des IRA sous forme de QCM, ou encore les oraux des concours de rédacteur territorial et rédacteur principal
856 4 1 _uhttps://droit.cairn.info/la-culture-numerique-pour-les-concours-de-la-fonction-publique--9782100846504?lang=fr&redirect-ssocas=7080
999 _c1662395
_d1662395